{"text_format":"3","workbook":"xls","n_sheets":2,"sheets":["Sheet1","实验耗材"],"not_rendered":{"external_links":1,"defined_names":2},"read":"whole","date_system":"1900","formulas":"cached_only"}

{"sheet":"Sheet1","index":0,"n_rows":225,"n_cols":13,"rows_kept":225,"hidden":true,"merged":[[224,0,224,12]],"flags":["formulas_cached_only"]}
[1,"化矿","A4纸（70g）",4,"箱","实验耗材",{"v":120,"d":"120.00"},{"v":480,"d":"480.00"},"潮阳口岸综合大楼3楼","不限","国产","2500张/箱"]
[2,"化矿","一次性丁腈手套（无粉）",5,"盒","实验耗材",{"v":50,"d":"50.00"},{"v":250,"d":"250.00"},"潮阳口岸综合大楼3楼","不限","国产","M码，100只/盒"]
[3,"化矿","一次性丁腈手套（无粉）",5,"盒","实验耗材",{"v":50,"d":"50.00"},{"v":250,"d":"250.00"},"潮阳口岸综合大楼3楼","不限","国产","S码，100只/盒"]
[4,"化矿","实验用纸",100,"包","实验耗材",{"v":3,"d":"3.00"},{"v":300,"d":"300.00"},"潮阳口岸综合大楼4楼","/","国产","抽纸"]
[5,"化矿","一次性吸管（3ml)",10,"包","实验耗材",{"v":30,"d":"30.00"},{"v":300,"d":"300.00"},"潮阳口岸综合大楼3楼","不限","国产","100个/包"]
[6,"化矿","移液器管嘴（500个/包）",1,"包","实验耗材",{"v":300,"d":"300.00"},{"v":300,"d":"300.00"},"潮阳口岸综合大楼3楼","不限","国产","20μl（适配Eppendorf移液器）",""]
[7,"化矿","移液器管嘴（500个/包）",1,"包","实验耗材",{"v":300,"d":"300.00"},{"v":300,"d":"300.00"},"潮阳口岸综合大楼3楼","不限","国产","100-200μl（适配Eppendorf液器）"]
[8,"化矿","移液器管嘴（500个/包）",1,"包","实验耗材",{"v":300,"d":"300.00"},{"v":300,"d":"300.00"},"潮阳口岸综合大楼3楼","不限","国产","1000μl（适配Eppendorf移液器）"]
[9,"化矿","移液器管嘴（100个/包）",2,"包","实验耗材",{"v":150,"d":"150.00"},{"v":300,"d":"300.00"},"潮阳口岸综合大楼3楼","不限","国产","5ml（适配Eppendorf移液器）"]
[10,"化矿","移液器管嘴（100个/包）",2,"包","实验耗材",{"v":150,"d":"150.00"},{"v":300,"d":"300.00"},"潮阳口岸综合大楼3楼","不限","国产","10ml（适配Eppendorf移液器）",""]
[11,"化矿","含盖进样瓶（棕色）",500,"个","实验耗材",{"v":1,"d":"1.00"},{"v":500,"d":"500.00"},"潮阳口岸综合大楼3楼","不限","国产","2ml"]
[12,"化矿","含盖进样瓶（透明）",500,"个","实验耗材",{"v":1,"d":"1.00"},{"v":500,"d":"500.00"},"潮阳口岸综合大楼3楼","不限","国产","2ml"]
[13,"化矿","封口袋",300,"个","实验耗材",{"v":0.7,"d":"0.70"},{"v":210,"d":"210.00"},"潮阳口岸综合大楼3楼","不限","国产","28cm*40cm","加厚"]
[14,"化矿","封口袋",300,"个","实验耗材",{"v":0.6,"d":"0.60"},{"v":180,"d":"180.00"},"潮阳口岸综合大楼3楼","不限","国产","10cm*15cm","加厚"]
[15,"化矿","封口袋",300,"个","实验耗材",{"v":1,"d":"1.00"},{"v":300,"d":"300.00"},"潮阳口岸综合大楼3楼","不限","国产","40cm*50cm","加厚"]
[16,"化矿","螺口盖隔垫",5,"包","实验耗材",{"v":106,"d":"106.00"},{"v":530,"d":"530.00"},"潮阳口岸综合大楼3楼","安捷伦","进口","PTFE/红色硅橡胶 100/包"]
[17,"化矿","滴定池",1,"个","实验耗材",{"v":8800,"d":"8800.00"},{"v":8800,"d":"8800.00"},"潮阳口岸综合大楼3楼","开元","国产","品号：212056151，型号：CLT2311-03"]
[18,"化矿","高温加热块",1,"个","实验耗材",{"v":4800,"d":"4800.00"},{"v":4800,"d":"4800.00"},"潮阳口岸综合大楼3楼","开元","国产","品号：3070100076，型号：FT2300-14-006"]
[19,"化矿","废液桶",50,"个","实验耗材",{"v":30,"d":"30.00"},{"v":1500,"d":"1500.00"},"潮阳口岸综合大楼3楼","不限","不限","蓝色，25L"]
[20,"化矿","煤炭灰皿架",2,"个","实验耗材",{"v":40,"d":"40.00"},{"v":80,"d":"80.00"},"潮阳口岸综合大楼3楼","不限","国产","6孔"]
[21,"化矿","煤挥发分坩埚架",2,"个","实验耗材",{"v":35,"d":"35.00"},{"v":70,"d":"70.00"},"潮阳口岸综合大楼3楼","不限","国产","6孔，镍铬材质"]
[22,"化矿","煤挥发分坩埚（含盖）",12,"个","实验耗材",{"v":10,"d":"10.00"},{"v":120,"d":"120.00"},"潮阳口岸综合大楼3楼","不限","国产"]
[23,"化矿","无水高氯酸镁",4,"瓶","化学试剂",{"v":2380,"d":"2380.00"},{"v":9520,"d":"9520.00"},"潮阳口岸综合大楼3楼","不限","国产","AR171，500g/瓶"]
[24,"化矿","IPA制标准溶液",2,"瓶","化学试剂",{"v":120,"d":"120.00"},{"v":240,"d":"240.00"},"潮阳口岸综合大楼3楼","不限","国产","C（KOH）=0.1000mol/L"]
[25,"化矿","苯标准样品",1,"瓶","化学试剂",{"v":200,"d":"200.00"},{"v":200,"d":"200.00"},"潮阳口岸综合大楼3楼","不限","国产","99.9%以上"]
[26,"化矿","甲苯标准样品",1,"瓶","化学试剂",{"v":120,"d":"120.00"},{"v":120,"d":"120.00"},"潮阳口岸综合大楼3楼","不限","国产","99.9%以上"]
[27,"化矿","乙苯标准样品",1,"瓶","化学试剂",{"v":280,"d":"280.00"},{"v":280,"d":"280.00"},"潮阳口岸综合大楼3楼","不限","国产","99.9%以上"]
[28,"化矿","二甲苯标准样品",1,"瓶","化学试剂",{"v":200,"d":"200.00"},{"v":200,"d":"200.00"},"潮阳口岸综合大楼3楼","不限","国产","99.9%以上"]
[29,"化矿","抗坏血酸",10,"瓶","化学试剂",{"v":40,"d":"40.00"},{"v":400,"d":"400.00"},"潮阳口岸综合大楼3楼","不限","国产","AR，100g/瓶"]
[30,"化矿","EDTA标准溶液",1,"瓶","化学试剂",{"v":100,"d":"100.00"},{"v":100,"d":"100.00"},"潮阳口岸综合大楼3楼","不限","国产","0.1mol/L，500mL","带标准物质证书"]
[37,"化矿","锡箔杯",8,"瓶","仪器耗材",{"v":225,"d":"225.00"},{"v":1800,"d":"1800.00"},"潮阳口岸综合大楼3楼","长沙开元","国产","规格：（35×35）100个/瓶"]
[38,"化矿","CS陶瓷坩埚",2,"箱","仪器耗材",{"v":1500,"d":"1500.00"},{"v":3000,"d":"3000.00"},"潮阳口岸综合大楼3楼","钢研钠克","国产","1000个/箱"]
[39,"化矿","挥发分坩埚（不含盖）",20,"个","仪器耗材",{"v":88,"d":"88.00"},{"v":1760,"d":"1760.00"},"潮阳口岸综合大楼3楼","长沙开元","国产","适配开元工业分析仪用"]
[40,"化矿","As灯",1,"支","仪器耗材",{"v":700,"d":"700.00"},{"v":700,"d":"700.00"},"潮阳口岸综合大楼3楼","北京吉天","国产","适配原子荧光光度计用"]
[41,"化矿","泵管",4,"套","仪器耗材",{"v":150,"d":"150.00"},{"v":600,"d":"600.00"},"潮阳口岸综合大楼3楼","北京吉天","国产","2根/套，适配吉天9300"]
[42,"化矿","石英棉",2,"包","仪器耗材",{"v":1220,"d":"1220.00"},{"v":2440,"d":"2440.00"},"潮阳口岸综合大楼3楼","长沙开元","国产","规格：φ3-5mm（50g/包），适用仪器元素分析仪5E-CHN2000"]
[43,"化矿","灰锥托盘",20,"个","仪器耗材",{"v":35,"d":"35.00"},{"v":700,"d":"700.00"},"潮阳口岸综合大楼3楼","长沙开元","国产","适配AF3000灰熔点仪"]
[44,"化矿","氧弹",1,"个","仪器耗材",{"v":6500,"d":"6500.00"},{"v":6500,"d":"6500.00"},"潮阳口岸综合大楼4楼","长沙瑞翔","国产","适配瑞翔WS-C503量热仪"]
[45,"化矿","馏程仪用100mL带底座量筒",2,"个","仪器耗材",{"v":1500,"d":"1500.00"},{"v":3000,"d":"3000.00"},"潮阳口岸综合大楼5楼","PAC","国产","适配PAC馏程仪OPTIDIST"]
[46,"化矿","炉试剂",1,"瓶","仪器耗材",{"v":2000,"d":"2000.00"},{"v":2000,"d":"2000.00"},"潮阳口岸综合大楼5楼","长沙开元","国产","适用仪器元素分析仪5E-CHN2000"]
[47,"消费品","A4纸",20,"包","实验耗材",{"v":24,"d":"24.00"},{"v":480,"d":"480.00"},"澄海外经大楼","多力","国产","80g "]
[48,"消费品","A4纸",90,"包","实验耗材",{"v":20,"d":"20.00"},{"v":1800,"d":"1800.00"},"澄海外经大楼","得力","国产","70g "]
[49,"消费品","TN220K 硒鼓",4,"条","实验耗材",{"v":350,"d":"350.00"},{"v":1400,"d":"1400.00"},"澄海外经大楼","京呈","国产","TN220K"]
[50,"消费品","CE255A 碳粉",4,"瓶","实验耗材",{"v":25,"d":"25.00"},{"v":100,"d":"100.00"},"澄海外经大楼","京昇","国产","CE255A"]
[51,"消费品","二氯甲烷",5,"瓶","化学试剂",{"v":24,"d":"24.00"},{"v":120,"d":"120.00"},"澄海外经大楼","西陇","国产","AR，500ml/瓶"]
[52,"消费品","正己烷",2,"瓶","化学试剂",{"v":260,"d":"260.00"},{"v":520,"d":"520.00"},"澄海外经大楼","科密欧","进口","HPLC 4L"]
[53,"消费品","四氢呋喃",2,"瓶","化学试剂",{"v":700,"d":"700.00"},{"v":1400,"d":"1400.00"},"澄海外经大楼","科密欧","进口","HPLC 4L"]
[54,"消费品","金霸王电池（5号）",200,"粒","实验耗材",{"v":3,"d":"3.00"},{"v":600,"d":"600.00"},"澄海外经大楼","金霸王","国产"]
[55,"消费品","金霸王电池（7号）",40,"粒","实验耗材",{"v":3,"d":"3.00"},{"v":120,"d":"120.00"},"澄海外经大楼","金霸王","国产"]
[56,"消费品","超霸纽扣电池（CR2016）",10,"粒","实验耗材",{"v":10,"d":"10.00"},{"v":100,"d":"100.00"},"澄海外经大楼","超霸","国产"]
[57,"消费品","超霸纽扣电池（CR2025）",5,"粒","实验耗材",{"v":10,"d":"10.00"},{"v":50,"d":"50.00"},"澄海外经大楼","超霸","国产"]
[58,"消费品","超霸纽扣电池（CR2032）",10,"粒","实验耗材",{"v":10,"d":"10.00"},{"v":100,"d":"100.00"},"澄海外经大楼","超霸","国产"]
[59,"消费品","DB-5气相色谱柱（125-503B ）",1,"根","实验耗材",{"v":6800,"d":"6800.00"},{"v":6800,"d":"6800.00"},"澄海外经大楼","安捷伦","进口","30m*0.53mm*2.65μm,7英寸柱架","适用于安捷伦7890B，125-503B"]
[60,"消费品","棉芯（JMCDAQPP1-1）1μm",10,"个","实验耗材",{"v":30,"d":"30.00"},{"v":300,"d":"300.00"},"澄海外经大楼","密理博","国产","1μm","适用于密理博纯水机，JMCDAQPP1-1"]
[61,"消费品","棉芯（JMCDAQPP1-10）10μm",10,"个","实验耗材",{"v":30,"d":"30.00"},{"v":300,"d":"300.00"},"澄海外经大楼","密理博","国产","10μm","适用于密理博纯水机，JMCDAQPP1-10"]
[62,"消费品","容量瓶",20,"个","实验耗材",{"v":15,"d":"15.00"},{"v":300,"d":"300.00"},"澄海外经大楼","北玻","国产","10ml"]
[63,"消费品","样品瓶方便套装",1,"包","实验耗材",{"v":1940,"d":"1940.00"},{"v":1940,"d":"1940.00"},"澄海外经大楼","安捷伦","进口","螺口,透明样品瓶 500/包"]
[64,"消费品","Gas Clean载气净化器",2,"个","实验耗材",{"v":2184,"d":"2184.00"},{"v":4368,"d":"4368.00"},"澄海外经大楼","安捷伦","进口","CP17973"]
[65,"消费品","大容量通用捕集阱",2,"个","实验耗材",{"v":3217,"d":"3217.00"},{"v":6434,"d":"6434.00"},"澄海外经大楼","安捷伦","进口","RMSH-2"]
[66,"消费品","分流平板",2,"个","实验耗材",{"v":389,"d":"389.00"},{"v":778,"d":"778.00"},"澄海外经大楼","安捷伦","进口","5188-5367"]
[67,"消费品","MSD灯丝(G7005-60061)",4,"个","实验耗材",{"v":1300,"d":"1300.00"},{"v":5200,"d":"5200.00"},"澄海外经大楼","安捷伦","进口","高温,EI离子源"]
[68,"消费品","ALS进样针（9301-0714）",6,"根","实验耗材",{"v":350,"d":"350.00"},{"v":2100,"d":"2100.00"},"澄海外经大楼","安捷伦","进口","9301-0714"]
[69,"消费品","螺口盖隔垫",22,"包","实验耗材",{"v":106,"d":"106.00"},{"v":2332,"d":"2332.00"},"澄海外经大楼","安捷伦","进口","PTFE/红色硅橡胶 100/包"]
[70,"消费品","一次性注射器",4000,"支","实验耗材",{"v":0.6,"d":"0.60"},{"v":2400,"d":"2400.00"},"澄海外经大楼","百应","国产","2ml，不带黑色塑胶"]
[71,"消费品","塑料离心管",4000,"支","实验耗材",0.28,{"v":1120,"d":"1120.00"},"澄海外经大楼","永昌","国产","15ml,螺旋帽，不含增塑剂"]
[72,"消费品","一次性针头过滤器（有机系）",4000,"个","实验耗材",{"v":0.8,"d":"0.80"},{"v":3200,"d":"3200.00"},"澄海外经大楼","津腾","国产","13mm*0.45μm， 100个/盒"]
[73,"消费品","塑胶软管",5,"米","实验耗材",{"v":6,"d":"6.00"},{"v":30,"d":"30.00"},"澄海外经大楼","百应","国产","外径约6.5mm，内径约3.2mm"]
[74,"消费品","抗干扰溶液",1,"瓶","实验耗材",{"v":1300,"d":"1300.00"},{"v":1300,"d":"1300.00"},"澄海外经大楼","谱临晟","国产","250ml","适配谱临晟超痕量六价铬分析仪"]
[75,"消费品","净化溶液",1,"瓶","实验耗材",{"v":1300,"d":"1300.00"},{"v":1300,"d":"1300.00"},"澄海外经大楼","谱临晟","国产","250ml","适配谱临晟超痕量六价铬分析仪"]
[76,"消费品","10倍浓缩流动相",1,"瓶","实验耗材",{"v":1600,"d":"1600.00"},{"v":1600,"d":"1600.00"},"澄海外经大楼","谱临晟","国产","500ml","适配谱临晟超痕量六价铬分析仪"]
[77,"消费品","10倍浓缩基体匹配液",1,"瓶","实验耗材",{"v":1300,"d":"1300.00"},{"v":1300,"d":"1300.00"},"澄海外经大楼","谱临晟","国产","250ml","适配谱临晟超痕量六价铬分析仪"]
[78,"消费品","枪头（1ml）",2,"包","实验耗材",{"v":100,"d":"100.00"},{"v":200,"d":"200.00"},"澄海外经大楼",null,"国产","500个/包，","适配普兰德移液器"]
[79,"消费品","枪头（5ml）",2,"包","实验耗材",{"v":200,"d":"200.00"},{"v":400,"d":"400.00"},"澄海外经大楼",null,"国产","200个/包","适配普兰德移液器"]
[80,"消费品","枪头（10ml）",2,"包","实验耗材",{"v":200,"d":"200.00"},{"v":400,"d":"400.00"},"澄海外经大楼",null,"国产","100个/包","适配普兰德移液器"]
[81,"消费品","定量滤纸（慢速9cm）",50,"盒","实验耗材",{"v":35,"d":"35.00"},{"v":1750,"d":"1750.00"},"澄海外经大楼","双圈","国产","慢速9cm"]
[82,"消费品","玻璃比色管（20ml）",20,"根","实验耗材",{"v":5,"d":"5.00"},{"v":100,"d":"100.00"},"澄海外经大楼","北玻","国产","带螺旋帽，带刻度"]
[83,"消费品","Synergypak1超纯水纯化柱",2,"条","实验耗材",{"v":4200,"d":"4200.00"},{"v":8400,"d":"8400.00"},"澄海外经大楼","密理博","进口","SYNERGYPAK 1,适用于密理博超纯水系统Synergy UV-RiOs5"]
[84,"消费品","RiOs系统SmartPak纯化柱（SPR00S001）",1,"条","实验耗材",{"v":3100,"d":"3100.00"},{"v":3100,"d":"3100.00"},"澄海外经大楼","密理博","进口","SMARTPAK RO,适用于密理博超纯水系统Synergy UV-RiOs5"]
[124,"植检","氢氧化钠",1,"瓶","化学试剂",{"v":15,"d":"15.00"},{"v":15,"d":"15.00"},"中山路97号一座",null,"国产","AR500g"]
[125,"植检","A4纸（70g）",1,"箱","实验耗材",{"v":120,"d":"120.00"},{"v":120,"d":"120.00"},"中山路97号一座","不限","国产","2500张/箱"]
[126,"植检","玻璃搅拌棒",1,"件","实验耗材",{"v":25,"d":"25.00"},{"v":25,"d":"25.00"},"中山路97号一座","不限","国产","直径7毫米，长15厘米","10根装"]
[127,"植检","玻璃搅拌棒",2,"件","实验耗材",{"v":25,"d":"25.00"},{"v":50,"d":"50.00"},"中山路97号一座","不限","国产","直径7毫米，长30厘米","5根装"]
[128,"植检","三角漏斗",2,"个","实验耗材",{"v":30,"d":"30.00"},{"v":60,"d":"60.00"},"中山路97号一座","不限","国产","短管100mm"]
[129,"植检","三角漏斗",2,"个","实验耗材",{"v":20,"d":"20.00"},{"v":40,"d":"40.00"},"中山路97号一座","不限","国产","短管60mm"]
[130,"植检","实验用纸",50,"包","实验耗材",{"v":2,"d":"2.00"},{"v":100,"d":"100.00"},"中山路97号一座","/","国产","抽纸S码"]
[131,"植检","一次性吸管（2ml)",1,"包","实验耗材",{"v":40,"d":"40.00"},{"v":40,"d":"40.00"},"中山路97号一座","不限","国产","100个/包"]
[132,"植检","一次性吸管（3ml)",1,"包","实验耗材",{"v":30,"d":"30.00"},{"v":30,"d":"30.00"},"中山路97号一座","不限","国产","100个/包"]
[133,"植检","一次性塑料培养皿",400,"个","实验耗材",{"v":1,"d":"1.00"},{"v":400,"d":"400.00"},"中山路97号一座","台州市","国产","90mm，400个/件"]
[134,"植检","酒精灯",1,"只","实验耗材",{"v":35,"d":"35.00"},{"v":35,"d":"35.00"},"中山路97号一座","不限","国产","250mL"]
[135,"植检","HPLaserJetP1008硒鼓",1,"条","实验耗材",{"v":70,"d":"70.00"},{"v":70,"d":"70.00"},"中山路97号一座","不限","国产","/"]
[136,"植检","兄弟TN1035硒鼓",1,"条","实验耗材",{"v":50,"d":"50.00"},{"v":50,"d":"50.00"},"中山路97号一座","不限","国产","/"]
[137,"植检","HPLaserJet1020plus硒鼓",1,"条","实验耗材",{"v":45,"d":"45.00"},{"v":45,"d":"45.00"},"中山路97号一座","不限","国产","/"]
[138,"植检","HP118a硒鼓",1,"套","实验耗材",{"v":420,"d":"420.00"},{"v":420,"d":"420.00"},"中山路97号一座","不限","国产","/","黑色1条、黄色1条、品红1条、青色1条（带芯片）"]
[139,"植检","棕色玻璃滴瓶",5,"个","实验耗材",{"v":10,"d":"10.00"},{"v":50,"d":"50.00"},"中山路97号一座","不限","国产","60ml"]
[140,"动检","一次性使用医用橡胶检查手套S（丁腈无粉未灭菌）",2,"盒","实验耗材",{"v":50,"d":"50.00"},{"v":100,"d":"100.00"},"大华路11号","麦迪康","国产","50双"]
[141,"动检","一次性使用医用橡胶检查手套L（丁腈无粉未灭菌）",2,"盒","实验耗材",{"v":50,"d":"50.00"},{"v":100,"d":"100.00"},"大华路11号","麦迪康","国产","50双"]
[142,"动检","一次性塑料培养皿",1600,"个","实验耗材",{"v":1,"d":"1.00"},{"v":1600,"d":"1600.00"},"大华路11号","台州市","国产","90cm，400个/件"]
[143,"动检","3M菌落总数测试片（50T/盒）",4,"包","生物试剂",{"v":468,"d":"468.00"},{"v":1872,"d":"1872.00"},"大华路11号","3M","国产","50T/盒"]
[144,"动检","3M霉菌酵母菌测试片（50T/盒）",1,"包","生物试剂",{"v":407,"d":"407.00"},{"v":407,"d":"407.00"},"大华路11号","3M","国产","50T/盒"]
[145,"动检","环凯菌落总数测试片（20T/盒）",10,"包","生物试剂",{"v":200,"d":"200.00"},{"v":2000,"d":"2000.00"},"大华路11号","环凯","国产","20T/盒"]
[146,"动检","血平板（20个/盒）",2,"盒","生物试剂",{"v":130,"d":"130.00"},{"v":260,"d":"260.00"},"大华路11号","环凯","国产","20个/盒"]
[147,"动检","结晶紫中性红胆盐葡萄糖琼脂（VRBGA）",1,"盒","生物试剂",{"v":105,"d":"105.00"},{"v":105,"d":"105.00"},"大华路11号","环凯","国产","20个/盒"]
[148,"动检","沙门氏菌显色培养基平板",1,"盒","生物试剂",{"v":260,"d":"260.00"},{"v":260,"d":"260.00"},"大华路11号","环凯","国产","20个/盒"]
[149,"动检","Baird-Parker琼脂平板20个/盒",1,"盒","生物试剂",{"v":133,"d":"133.00"},{"v":133,"d":"133.00"},"大华路11号","环凯","国产","20个/盒"]
[150,"动检","李氏菌增菌肉汤（LB1）     ",2,"盒","生物试剂",{"v":277,"d":"277.00"},{"v":554,"d":"554.00"},"大华路11号","广东环凯","国产","225mL/瓶x6"]
[151,"动检","李氏菌增菌肉汤（LB2）",1,"盒","生物试剂",{"v":145,"d":"145.00"},{"v":145,"d":"145.00"},"大华路11号","广东环凯","国产","10mL/瓶*20支"]
[152,"动检","PALCAM平板",2,"盒","生物试剂",{"v":190,"d":"190.00"},{"v":380,"d":"380.00"},"大华路11号","广东环凯","国产","9cm*20个/盒"]
[153,"动检","VITEK 2 革兰氏阳性菌鉴定卡（GP）",1,"盒","生物试剂",{"v":1570,"d":"1570.00"},{"v":1570,"d":"1570.00"},"大华路11号","法国梅里埃","进口","20测试/盒"]
[154,"动检","VITEK 2 革兰氏阴性菌鉴定试卡（GN）",1,"盒","生物试剂",{"v":1570,"d":"1570.00"},{"v":1570,"d":"1570.00"},"大华路11号","法国梅里埃","进口","20测试/盒"]
[155,"动检","沙氏培养液",2,"瓶","生物试剂",{"v":190,"d":"190.00"},{"v":380,"d":"380.00"},"大华路11号","北京陆桥","国产","250g/瓶"]
[156,"动检","高级擦镜纸",10,"本","生物试剂",{"v":4,"d":"4.00"},{"v":40,"d":"40.00"},"大华路11号","新星牌","国产","10*15cm，100张"]
[157,"动检","克仑特罗ElISA试剂盒    ",1,"盒","生物试剂",{"v":500,"d":"500.00"},{"v":500,"d":"500.00"},"大华路11号","深圳芬德","国产","96T/盒"]
[158,"动检","莱克多巴胺试剂盒ElISA试剂盒    ",1,"盒","生物试剂",{"v":500,"d":"500.00"},{"v":500,"d":"500.00"},"大华路11号","深圳芬德","国产","96T/盒"]
[159,"动检","沙丁胺醇ElISA试剂盒    ",1,"盒","生物试剂",{"v":500,"d":"500.00"},{"v":500,"d":"500.00"},"大华路11号","深圳芬德","国产","96T/盒"]
[160,"动检","禽流感病毒H5（R-13株）亚型血凝抑制试验抗原 2ml",2,"瓶","生物试剂",{"v":300,"d":"300.00"},{"v":600,"d":"600.00"},"大华路11号","国生生物","国产","2mL/瓶"]
[161,"动检","禽流感病毒H7（Re-4株）亚型血凝抑制试验抗原  2mL",2,"瓶","生物试剂",{"v":300,"d":"300.00"},{"v":600,"d":"600.00"},"大华路11号","国生生物","国产","2mL/瓶"]
[162,"动检","禽流感病毒H5（R-13株）亚型血凝抑制试验阳性血清 2ml",2,"瓶","生物试剂",{"v":300,"d":"300.00"},{"v":600,"d":"600.00"},"大华路11号","国生生物","国产","2mL/瓶"]
[163,"动检","禽流感病毒H7（Re-4株）亚型血凝抑制试验阳性血清  2mL",2,"瓶","生物试剂",{"v":300,"d":"300.00"},{"v":600,"d":"600.00"},"大华路11号","国生生物","国产","2mL/瓶"]
[164,"动检","AceQ Universal U+ Probe Master Mix V2(Q513 02)",1,"袋","生物试剂",{"v":1200,"d":"1200.00"},{"v":1200,"d":"1200.00"},"大华路11号","唯赞","国产","500T"]
[165,"动检","300uL袋装吸头",2,"包","生物试剂",{"v":80,"d":"80.00"},{"v":160,"d":"160.00"},"大华路11号","爱思进","国产","1000支/包"]
[166,"动检","200uL袋装枪头",6,"包","生物试剂",{"v":80,"d":"80.00"},{"v":480,"d":"480.00"},"大华路11号","爱思进","国产","1000支/包"]
[167,"动检","硒鼓",3,"盒","生物试剂",{"v":90,"d":"90.00"},{"v":270,"d":"270.00"},"大华路11号","龙弦","国产","适用Hp Laser Jet P1008"]
[168,"动检","硒鼓（适用hp Laserjet CP1025Color打印机）",1,"套","生物试剂",{"v":400,"d":"400.00"},{"v":400,"d":"400.00"},"大华路11号","龙弦","国产","适用hp Laserjet CP1025Color"]
[169,"动检","A4复印纸",8,"包","生物试剂",{"v":25,"d":"25.00"},{"v":200,"d":"200.00"},"大华路11号","得力","国产","80g 500张/包"]
[170,"基因","诺如病毒GI/GII双通道荧光检测试剂盒",5,"盒","生物试剂",{"v":1800,"d":"1800.00"},{"v":9000,"d":"9000.00"},"大华路11号","达安","国产","24T/盒"]
[171,"基因","禽流感H5亚型病毒核酸检测试剂盒（荧光PCR法）",6,"盒","生物试剂",{"v":1800,"d":"1800.00"},{"v":10800,"d":"10800.00"},"大华路11号","澳东","国产","48T/盒"]
[172,"基因","禽流感H7亚型病毒核酸检测试剂盒（荧光PCR法）",6,"盒","生物试剂",{"v":1800,"d":"1800.00"},{"v":10800,"d":"10800.00"},"大华路11号","澳东","国产","48T/盒"]
[173,"基因","传染性皮下及造血器官坏死病毒核酸检测试剂盒",1,"盒","生物试剂",{"v":1800,"d":"1800.00"},{"v":1800,"d":"1800.00"},"大华路11号","维伯鑫","国产","50T/盒"]
[174,"基因","黄头病毒核酸检测试剂盒",1,"盒","生物试剂",{"v":1800,"d":"1800.00"},{"v":1800,"d":"1800.00"},"大华路11号","维伯鑫","国产","50T/盒"]
[175,"基因","桃拉病毒核酸检测试剂盒",1,"盒","生物试剂",{"v":1800,"d":"1800.00"},{"v":1800,"d":"1800.00"},"大华路11号","维伯鑫","国产","50T/盒"]
[176,"基因","病毒性出血性败血症病毒核酸检测试剂盒",1,"盒","生物试剂",{"v":1800,"d":"1800.00"},{"v":1800,"d":"1800.00"},"大华路11号","维伯鑫","国产","50T/盒"]
[177,"基因","白斑病毒核酸检测试剂盒",2,"盒","生物试剂",{"v":1800,"d":"1800.00"},{"v":3600,"d":"3600.00"},"大华路11号","维伯鑫","国产","50T/盒"]
[178,"基因","虾肝肠胞虫核酸检测试剂盒",1,"盒","生物试剂",{"v":1800,"d":"1800.00"},{"v":1800,"d":"1800.00"},"大华路11号","维伯鑫","国产","50T/盒"]
[179,"基因","细菌性肝胰腺坏死病核酸检测试剂盒",1,"盒","生物试剂",{"v":1800,"d":"1800.00"},{"v":1800,"d":"1800.00"},"大华路11号","维伯鑫","国产","50T/盒"]
[180,"基因","AceQ Universal U+ Probe Master Mix  V2 (500rxn）",1,"盒","生物试剂",{"v":1100,"d":"1100.00"},{"v":1100,"d":"1100.00"},"大华路11号","诺威赞","国产","500R/袋","Q513-02 "]
[181,"基因","磁珠法核酸提取试剂",5,"盒","生物试剂",{"v":1100,"d":"1100.00"},{"v":5500,"d":"5500.00"},"大华路11号","维伯鑫、赛百纯","国产","72T/盒","配套kingerfisher DUO提取仪使用"]
[408,"食品","乙腈（色谱纯）",8,"瓶","化学试剂",{"v":500,"d":"500.00"},{"v":4000,"d":"4000.00"},"大华路11号","美国天地","/","4L/瓶，HPLC级"]
[409,"食品"," 甲醇（色谱纯）",8,"瓶","化学试剂",{"v":150,"d":"150.00"},{"v":1200,"d":"1200.00"},"大华路11号","美国天地","/","4L/瓶，HPLC级"]
[410,"食品"," 乙酸乙酯（色谱纯）",4,"瓶","化学试剂",{"v":500,"d":"500.00"},{"v":2000,"d":"2000.00"},"大华路11号","美国天地","/","4L/瓶，HPLC级"]
[411,"食品"," 正己烷（色谱纯）",2,"瓶","化学试剂",{"v":500,"d":"500.00"},{"v":1000,"d":"1000.00"},"大华路11号","美国天地","/","4L/瓶，HPLC级"]
[412,"食品","碳酸钾",2,"500g/瓶","化学试剂",{"v":50,"d":"50.00"},{"v":100,"d":"100.00"},"大华路11号","/","国产","分析纯"]
[413,"食品","三水合乙酸铅",2,"瓶","化学试剂",{"v":25,"d":"25.00"},{"v":50,"d":"50.00"},"大华路11号","/","国产","分析纯"]
[414,"食品"," pH缓冲溶液 pH4.01",1,"瓶","化学试剂",{"v":250,"d":"250.00"},{"v":250,"d":"250.00"},"大华路11号","梅特勒托利多","进口","250mL，pH4.01"]
[415,"食品","pH缓冲溶液 pH7.00",1,"瓶","化学试剂",{"v":250,"d":"250.00"},{"v":250,"d":"250.00"},"大华路11号","梅特勒托利多","进口","250mL， pH7.00"]
[416,"食品"," pH缓冲溶液 pH9.21",1,"瓶","化学试剂",{"v":250,"d":"250.00"},{"v":250,"d":"250.00"},"大华路11号","梅特勒托利多","进口","250mL， pH9.21"]
[417,"食品","麻痹性贝类毒素试剂盒",3,"盒","生物试剂",{"v":5200,"d":"5200.00"},{"v":15600,"d":"15600.00"},"大华路11号","StanQuik","国产","检出限≤1mg/kg 96孔/盒"]
[418,"食品","腹泻性贝类毒素试剂盒",4,"盒","生物试剂",{"v":6700,"d":"6700.00"},{"v":26800,"d":"26800.00"},"大华路11号","  Abraxis","进口","检出限≤1mg/kg 96孔/盒"]
[419,"食品","失忆性贝类毒素试剂盒",2,"盒","生物试剂",{"v":6500,"d":"6500.00"},{"v":13000,"d":"13000.00"},"大华路11号","  Abraxis","进口","定量限≤1mg/g 96孔/盒"]
[420,"食品","黄曲霉毒素B1",3,"盒","生物试剂",{"v":1500,"d":"1500.00"},{"v":4500,"d":"4500.00"},"大华路11号","苏溦","国产","检出限≤ 1mg/kg 96孔/盒"]
[421,"食品","赭曲霉毒素",2,"盒","生物试剂",{"v":2800,"d":"2800.00"},{"v":5600,"d":"5600.00"},"大华路11号","苏溦","国产","检出限≤1mg/kg 96孔盒"]
[422,"食品","脱氧雪腐镰刀菌烯醇",2,"盒","生物试剂",{"v":2800,"d":"2800.00"},{"v":5600,"d":"5600.00"},"大华路11号","苏溦","国产","检出限≤200mg/kg 96孔/盒"]
[423,"食品","T-2毒素",1,"盒","生物试剂",{"v":2500,"d":"2500.00"},{"v":2500,"d":"2500.00"},"大华路11号","勤邦或StanQuik","国产","检出限≤10mg/kg 96孔/盒"]
[424,"食品","玻璃漏斗",30,"个","实验耗材",{"v":10,"d":"10.00"},{"v":300,"d":"300.00"},"大华路11号","/","国产","/"]
[425,"食品","三角量杯（10ml)",20,"支","实验耗材",{"v":5,"d":"5.00"},{"v":100,"d":"100.00"},"大华路11号","/","国产","/"]
[426,"食品","量筒（25ml)",20,"支","实验耗材",{"v":10,"d":"10.00"},{"v":200,"d":"200.00"},"大华路11号","/","国产","/"]
[427,"食品","量筒（100ml)",20,"支","实验耗材",{"v":15,"d":"15.00"},{"v":300,"d":"300.00"},"大华路11号","/","国产","/"]
[428,"食品","量筒（500ml)",20,"支","实验耗材",{"v":20,"d":"20.00"},{"v":400,"d":"400.00"},"大华路11号","/","国产","/"]
[429,"食品","量筒（1000ml)",10,"支","实验耗材",{"v":25,"d":"25.00"},{"v":250,"d":"250.00"},"大华路11号","/","国产","/"]
[430,"食品","烧杯（50ml)",50,"支","实验耗材",{"v":10,"d":"10.00"},{"v":500,"d":"500.00"},"大华路11号","/","国产","/"]
[431,"食品","烧杯（250ml)",50,"支","实验耗材",{"v":10,"d":"10.00"},{"v":500,"d":"500.00"},"大华路11号","/","国产","/"]
[432,"食品","烧杯（25ml)",30,"支","实验耗材",{"v":5,"d":"5.00"},{"v":150,"d":"150.00"},"大华路11号","/","国产","/"]
[433,"食品","移液器管嘴（500个/包）",5,"包","实验耗材",{"v":600,"d":"600.00"},{"v":3000,"d":"3000.00"},"大华路11号","/","国产","5mL（适配热电移液器）"]
[434,"食品","移液器管嘴（1000个/包）",2,"包","实验耗材",{"v":200,"d":"200.00"},{"v":400,"d":"400.00"},"大华路11号","/","国产","1000μL（适配热电移液器）"]
[435,"食品","移液器管嘴（1000个/包）",6,"包","实验耗材",{"v":200,"d":"200.00"},{"v":1200,"d":"1200.00"},"大华路11号","/","国产","200μL（适配热电移液器）"]
[436,"食品","水相过滤头",2000,"个","实验耗材",{"v":1,"d":"1.00"},{"v":2000,"d":"2000.00"},"大华路11号","津腾","/","0.22μm水系"]
[437,"食品","A4纸",40,"包","实验耗材",{"v":20,"d":"20.00"},{"v":800,"d":"800.00"},"大华路11号","/","国产","/"]
[438,"食品","实验用纸",400,"包","实验耗材",{"v":2,"d":"2.00"},{"v":800,"d":"800.00"},"大华路11号","/","国产","抽纸S码"]
[439,"食品","一次性薄膜手套",100,"包","实验耗材",{"v":5,"d":"5.00"},{"v":500,"d":"500.00"},"大华路11号","/","国产","加厚，防滑"]
[440,"食品","C18保护柱芯",2,"包","实验耗材",{"v":600,"d":"600.00"},{"v":1200,"d":"1200.00"},"大华路11号","安捷伦","进口","P.N820950-936"]
[441,"食品","MCX 阳离子交换柱",2,"盒","实验耗材",{"v":600,"d":"600.00"},{"v":1200,"d":"1200.00"},"大华路11号","clover","国产","60mg,3mL/50支","赛默飞液质质用"]
[442,"食品","方型塑料盆",5,"个","实验耗材",{"v":20,"d":"20.00"},{"v":100,"d":"100.00"},"大华路11号",null,null,"50cm×40cm×20cm"]
[443,"食品","中性氧化铝小柱（2000mg，6mL 3O支/盒）",20,"盒","实验耗材",{"v":800,"d":"800.00"},{"v":16000,"d":"16000.00"},"大华路11号","艾杰尔","国产","/"]
[444,"食品","HLB固相萃取小柱（500mg，6mL 3O支/盒）",4,"盒","实验耗材",{"v":650,"d":"650.00"},{"v":2600,"d":"2600.00"},"大华路11号","技迩RayCure","国产","/"]
[445,"食品","强阴离子交换固相萃取柱（硅胶基，500mg，6mL 3O支/盒）",2,"盒","实验耗材",{"v":700,"d":"700.00"},{"v":1400,"d":"1400.00"},"大华路11号",null,"国产","/"]
[446,"食品","C18固相萃取小柱，500mg",4,"盒 ","实验耗材",{"v":300,"d":"300.00"},{"v":1200,"d":"1200.00"},"大华路11号","艾杰尔","国产"]
[447,"食品","Silica 固相萃取柱同，500mg,6mL",2,"盒 ","实验耗材",{"v":700,"d":"700.00"},{"v":1400,"d":"1400.00"},"大华路11号","艾杰尔","国产"]
[448,"食品","伏马毒素免疫亲和柱（柱容量≥5000ng）",1,"盒","实验耗材",{"v":1980,"d":"1980.00"},{"v":1980,"d":"1980.00"},"大华路11号",null,"国产","/"]
[449,"食品","PTFE滤膜0.22μm",2,"100个/盒","实验耗材",{"v":60,"d":"60.00"},{"v":120,"d":"120.00"},"大华路11号",null,"国产","/"]
[450,"食品","爱德华19#泵油",4,"罐","实验耗材",{"v":160,"d":"160.00"},{"v":640,"d":"640.00"},"大华路11号","爱德华","国产","/"]
[451,"食品","一次性注射器（1mL)",2000,"支","实验耗材",{"v":0.2,"d":"0.20"},{"v":400,"d":"400.00"},"大华路13号","/","国产","/"]
[452,"食品","QuEChERS萃取盐 用于蔬菜、水果和食用菌",2,"50/包","实验耗材",{"v":1600,"d":"1600.00"},{"v":3200,"d":"3200.00"},"大华路11号","安捷伦",null,"GB 23200.121-2021"]
[453,"食品","QuEChERS萃取盐 用于谷物、油料和坚果",2,"50/包","实验耗材",{"v":1600,"d":"1600.00"},{"v":3200,"d":"3200.00"},"大华路11号","安捷伦",null,"GB 23200.121-2021"]
[454,"食品","QuEChERS分散SPE试剂盒 用于谷物、油料和坚果",2,"50/盒","实验耗材",{"v":1200,"d":"1200.00"},{"v":2400,"d":"2400.00"},"大华路11号","安捷伦",null,"GB 23200.121-2021"]
[455,"食品","QuEChERS分散SPE试剂盒 用于浅色水果和蔬菜",1,"50/盒","实验耗材",{"v":1200,"d":"1200.00"},{"v":1200,"d":"1200.00"},"大华路11号","安捷伦",null,"GB 23200.121-2021"]
[456,"食品","QuEChERS分散SPE试剂盒 用于深色水果和蔬菜",2,"50/盒","实验耗材",{"v":1200,"d":"1200.00"},{"v":2400,"d":"2400.00"},"大华路11号","安捷伦",null,"GB 23200.121-2021"]
[457,"食品","QuEChERS分散SPE试剂盒 用于茶叶和香辛料",1,"50/盒","实验耗材",{"v":1200,"d":"1200.00"},{"v":1200,"d":"1200.00"},"大华路11号","安捷伦",null,"GB 23200.121-2021"]
[458,"食品","QuEChERS萃取盐 用于蔬菜、水果和食用菌",3,"50/包","实验耗材",{"v":1600,"d":"1600.00"},{"v":4800,"d":"4800.00"},"大华路11号","安捷伦",null,"GB 23200.113-2018"]
[459,"食品","QuEChERS萃取盐 用于谷物、油料和坚果",3,"50/包","实验耗材",{"v":1600,"d":"1600.00"},{"v":4800,"d":"4800.00"},"大华路11号","安捷伦",null,"GB 23200.113-2018"]
[460,"食品","QuEChERS分散SPE试剂盒 用于谷物、油料和坚果",2,"50/盒","实验耗材",{"v":1200,"d":"1200.00"},{"v":2400,"d":"2400.00"},"大华路11号","安捷伦",null,"GB 23200.113-2018"]
[461,"食品","QuEChERS分散SPE试剂盒 用于浅色水果和蔬菜",1,"50/盒","实验耗材",{"v":1200,"d":"1200.00"},{"v":1200,"d":"1200.00"},"大华路11号","安捷伦",null,"GB 23200.113-2018"]
[462,"食品","QuEChERS分散SPE试剂盒 用于深色水果和蔬菜",2,"50/盒","实验耗材",{"v":1200,"d":"1200.00"},{"v":2400,"d":"2400.00"},"大华路11号","安捷伦",null,"GB 23200.113-2018"]
[463,"食品","QuEChERS分散SPE试剂盒 用于茶叶和香辛料",1,"50/盒","实验耗材",{"v":1200,"d":"1200.00"},{"v":1200,"d":"1200.00"},"大华路11号","安捷伦",null,"GB 23200.113-2018"]
[464,"食品","PPF滤芯（国产/10”)",30,"根","实验耗材",{"v":30,"d":"30.00"},{"v":900,"d":"900.00"},"大华路11号","/","国产","国产/10\",尺寸：250×70mm，过滤精度：5微米，工作压力0,1-0.4MPa"]
[465,"食品","CTO活性炭滤芯（国产/10”)",10,"根","实验耗材",{"v":55,"d":"55.00"},{"v":550,"d":"550.00"},"大华路11号","/","国产","国产/10\",尺寸：250×70mm，过滤精度：5微米，工作压力0,1-0.4MPa"]
[466,"食品","纯水机用水管",10,"米","实验耗材",{"v":18,"d":"18.00"},{"v":180,"d":"180.00"},"大华路11号","/","国产","材质：TPU,尺寸：10mm×6.5mm"]
[467,"食品","双圈快速定量滤纸",10,"盒","实验耗材",{"v":10,"d":"10.00"},{"v":100,"d":"100.00"},"大华路11号","cytiva","国产","尺寸：直径15cm"]
[468,"食品","双圈中速定量滤纸",10,"盒","实验耗材",{"v":10,"d":"10.00"},{"v":100,"d":"100.00"},"大华路11号","cytiva","国产","尺寸：直径15cm"]
[469,"食品","安捷伦QuEChERS萃取管",1,"包","实验耗材",{"v":2400,"d":"2400.00"},{"v":2400,"d":"2400.00"},"大华路11号","安捷伦","国产","AOAC方法，带2个陶瓷均质子，5985-5755CH"]
[470,"食品","安捷伦陶瓷均质子",1,"100/包","实验耗材",{"v":500,"d":"500.00"},{"v":500,"d":"500.00"},"大华路11号","安捷伦","国产","50ml管，5982-9313"]
[471,"食品","安捷伦Bond EMR-Liqid分散SPE，",1,"50/包","实验耗材",{"v":3000,"d":"3000.00"},{"v":3000,"d":"3000.00"},"大华路11号","安捷伦","国产","5982-1010"]
[472,"食品","安捷伦EMR-Lipid Bond Elut Polish 反萃管",1,"50/包","实验耗材",{"v":800,"d":"800.00"},{"v":800,"d":"800.00"},"大华路11号","安捷伦","国产","5982-0101"]
[473,"食品","安捷伦过滤器",1,"包","实验耗材",{"v":150,"d":"150.00"},{"v":150,"d":"150.00"},"大华路11号","安捷伦","国产","5191-4290"]
[474,"食品","20ml螺纹透明样品瓶盖垫",1,"包","实验耗材",{"v":350,"d":"350.00"},{"v":350,"d":"350.00"},"大华路11号","/","国产","智达InLab2001C"]
[475,"食品","20ml螺纹透明样品瓶",1,"包","实验耗材",{"v":170,"d":"170.00"},{"v":170,"d":"170.00"},"大华路11号","/","国产","智达DK2001"]
[476,"食品","色谱柱",1,"支","实验耗材",{"v":4600,"d":"4600.00"},{"v":4600,"d":"4600.00"},"大华路11号","安捷伦","进口"," ZORBAX Original NH2 柱 4.6×250mm 5μm色谱柱"]
[477,"食品","色谱柱",1,"支","实验耗材",{"v":3500,"d":"3500.00"},{"v":3500,"d":"3500.00"},"大华路11号","Aichrom","进口"," AichromBond-C18 柱 4.6×250mm 5μm色谱柱"]
[478,"食品","色谱柱",1,"支","实验耗材",{"v":4800,"d":"4800.00"},{"v":4800,"d":"4800.00"},"大华路11号","安捷伦","进口"," ZORBAX SBC-18 柱 4.6×150mm 5μm色谱柱","米酵菌素"]
[479,"食品","色谱柱",1,"支","实验耗材",{"v":2000,"d":"2000.00"},{"v":2000,"d":"2000.00"},"大华路11号","费尼根","国产"," X-Peonyx(酸性柱 ，pH0.5-8）C18-S 4.6×250mm 5μm色谱柱"]
[480,"食品","色谱柱",1,"支","实验耗材",{"v":5500,"d":"5500.00"},{"v":5500,"d":"5500.00"},"大华路11号","安捷伦","进口","Atlantis T3 4.6×100mm 3μm色谱柱"]
[481,"食品","色谱柱",1,"支","实验耗材",{"v":4000,"d":"4000.00"},{"v":4000,"d":"4000.00"},"大华路11号","安捷伦","进口","ZORBAX-SB C18 2.1×100mm 3.5μm"]
[482,"食品","色谱柱",1,"支","实验耗材",{"v":4000,"d":"4000.00"},{"v":4000,"d":"4000.00"},"大华路11号","资生堂","进口","MGⅢ 3μm 2.0×100mm"]
[483,"食品","色谱柱",1,"支","实验耗材",{"v":4000,"d":"4000.00"},{"v":4000,"d":"4000.00"},"大华路11号","岛津","进口","Shim-pack Velox SP-C18 2.1×100mm 1.8μm"]
[484,"食品","苯并芘预处理二代包",1,"盒","实验耗材",{"v":1000,"d":"1000.00"},{"v":1000,"d":"1000.00"},"大华路11号","月旭","国产","25支/盒"]
[485,"食品","色谱柱",1,"支","实验耗材",{"v":4800,"d":"4800.00"},{"v":4800,"d":"4800.00"},"大华路11号","安捷伦","进口","ZORBAX SBC-18 柱 4.6×150mm 5μm色谱柱"]
[486,"食品","液相色谱柱",1,"根","实验耗材",{"v":3000,"d":"3000.00"},{"v":3000,"d":"3000.00"},"大华路11号","安捷伦","/","P.N 588925-902"]
[487,"食品","封口袋10*15cm",20,"100个/包","实验耗材",{"v":5,"d":"5.00"},{"v":100,"d":"100.00"},"大华路11号","/","国产","/"]
[488,"食品","封口袋15*20cm",20,"100个/包","实验耗材",{"v":5,"d":"5.00"},{"v":100,"d":"100.00"},"大华路11号","/","国产","/"]
[489,"食品","洗洁精",10,"1000ml/瓶","实验耗材",{"v":12,"d":"12.00"},{"v":120,"d":"120.00"},"大华路11号","榄菊小苏打","国产","/"]
[490,"食品","医用不锈钢剪刀",20,"支","实验耗材",{"v":18,"d":"18.00"},{"v":360,"d":"360.00"},"大华路11号","/","国产","直尖 16cm"]
[491,"食品","塑料量杯",10,"个","实验耗材",{"v":5,"d":"5.00"},{"v":50,"d":"50.00"},"大华路11号","/","国产","500mL"]
[492,"食品","蓝盖透明试剂瓶",10,"个","实验耗材",{"v":5,"d":"5.00"},{"v":50,"d":"50.00"},"大华路12号","/","国产","500mL"]
[493,"食品","蓝盖透明试剂瓶",10,"个","实验耗材",{"v":5,"d":"5.00"},{"v":50,"d":"50.00"},"大华路12号","/","国产","250mL"]
[494,"食品","塑料试剂瓶",20,"个","实验耗材",{"v":5,"d":"5.00"},{"v":100,"d":"100.00"},"大华路12号","/","国产","250mL 小口耐碱"]
["合计",null,null,22050,{"$nulls":3},{"v":393778,"d":"393778.00"}]
["化矿金属检测实验室：69490元；消费品检测中心：92382元；植物检疫实验室：1550元；动物检疫实验室：18086元；基因检测实验室：51600元；食品检测实验室：254846.25元。"]

{"sheet":"实验耗材","index":1,"n_rows":30,"n_cols":12,"rows_kept":30,"merged":[[0,0,0,11]],"flags":["formulas_cached_only"]}
["普通实验耗材需求表（子包1）"]
["序号","物品名称","数量","单位","类别（生物试剂类、化学试剂类、实验耗材类或标准品物质类）","单价（元）","总价（元）","送货地址","推荐品牌","产地（国产或进口）","技术参数","备注"]
[1,"2ml进样瓶",60,"盒","实验耗材",null,null,"澄海外经大楼或泰星路",null,"国产","100个/盒，含盖、垫、瓶"]
[2,"一次性针头式过滤器",60,"盒","实验耗材",null,null,"澄海外经大楼或泰星路",null,"国产","PTFE,13mm*0.45，100个/盒"]
[3,"一次性针头式过滤器(水系)",3,"盒","实验耗材",null,null,"澄海外经大楼或泰星路",null,"国产","0.45μφ13，100个/盒"]
[4,"一次性取样器",60,"包","实验耗材",null,null,"澄海外经大楼或泰星路",null,"国产","100个/包，2.5mL，无橡胶活塞、无针头"]
[5,"一次性吸管",10,"包","实验耗材",null,null,"澄海外经大楼或泰星路",null,"国产","3mL，250个/包"]
[6,"移液吸嘴",2,"包","实验耗材",null,null,"澄海外经大楼或泰星路",null,"国产","0.2-2ml，250个/包"]
[7,"经济型慢速定量滤纸",50,"盒","实验耗材",null,null,"澄海外经大楼或泰星路",null,"国产","Φ9cm 100张/盒"]
[8,"透明螺纹口60mL样品存储瓶",3,"盒","实验耗材",null,null,"澄海外经大楼或泰星路",null,"国产","100只/纸盒，带盖子"]
[9,"10mL棕色螺纹口玻璃瓶",200,"个","实验耗材",null,null,"澄海外经大楼或泰星路",null,"国产","口径22mm，带PTFE螺帽盖"]
[10,"10mL棕色容量瓶",10,"个","实验耗材",null,null,"澄海外经大楼或泰星路",null,"国产","10mL，广口，A级"]
[11,"聚丙烯离心管(本色、尖底、红盖)",1,"箱","实验耗材",null,null,"澄海外经大楼或泰星路",null,"国产","50mL，25个/袋，500个/箱"]
[12,"不锈钢试管架",4,"个","实验耗材",null,null,"澄海外经大楼或泰星路",null,"国产","孔径30mm，40孔"]
[13,"酸性清洗剂",1,"瓶","实验耗材",null,null,"澄海外经大楼或泰星路",null,"国产","Cleaner 20，5kg/桶"]
[14,"碱性清洗剂",1,"瓶","实验耗材",null,null,"澄海外经大楼或泰星路",null,"国产","Cleaner 60，6kg/桶"]
[15,"园艺剪",5,"把","实验耗材",null,null,"澄海外经大楼或泰星路",null,"国产","汪吾荃，NO.2102"]
[16,"强力剪",5,"把","实验耗材",null,null,"澄海外经大楼或泰星路",null,"国产","汪吾荃，NO.3210"]
[17,"黑色24-400实心拧盖、含PTFE/硅胶隔垫",5,"袋","实验耗材",null,null,"澄海外经大楼或泰星路",null,"国产","1袋，100个/袋"]
[18,"气袋",10,"个","实验耗材",null,null,"澄海外经大楼或泰星路",null,"国产","10L,PVF,带三开关阀，带密封条"]
[19,"气袋",1,"个","实验耗材",null,null,"澄海外经大楼或泰星路",null,"国产","20L,PVF,带三开关阀，带密封条"]
[20,"气袋",1,"个","实验耗材",null,null,"澄海外经大楼或泰星路",null,"国产","30L,PVF,带三开关阀，带密封条"]
[21,"气袋",1,"个","实验耗材",null,null,"澄海外经大楼或泰星路",null,"国产","50L,PVF,带三开关阀，带密封条"]
[22,"气袋",1,"个","实验耗材",null,null,"澄海外经大楼或泰星路",null,"国产","100L,PVF,带三开关阀，带密封条"]
[23,"气袋",1,"个","实验耗材",null,null,"澄海外经大楼或泰星路",null,"国产","200L,PVF,带三开关阀，带密封条"]
[24,"气袋",1,"个","实验耗材",null,null,"澄海外经大楼或泰星路",null,"国产","500L,PVF,带三开关阀，带密封条"]
[25,"气袋",1,"个","实验耗材",null,null,"澄海外经大楼或泰星路",null,"国产","1000L,PVF,带三开关阀，带密封条"]
[26,"气袋",1,"个","实验耗材",null,null,"澄海外经大楼或泰星路",null,"国产","2000L,PVF,带三开关阀，带密封条"]
[27,"DNPH捕集管+除臭氧小柱",50,"支","实验耗材",null,null,"澄海外经大楼或泰星路",null,"国产","1000mg"]
[{"$nulls":6},35220]